| 000 | 00654nam a2200229Ia 4500 | ||
|---|---|---|---|
| 003 | OSt | ||
| 005 | 20220928124502.0 | ||
| 006 | a|||||r|||| 00| 0 | ||
| 007 | ta | ||
| 008 | 220927b |||||||| |||| 00| 0 eng d | ||
| 024 | _a52965 | ||
| 037 | _cTextual | ||
| 040 |
_aSDCL _cSDCL _beng |
||
| 041 |
_2eng _aeng |
||
| 082 | _aV53(Y)'N5, L3 | ||
| 100 |
_aBurke Peter Ed. _9433911 |
||
| 245 | 0 |
_aNew kind of history _b From the writings of Febvre.Tr by K Folka. |
|
| 260 |
_aLondon _bRoutledge and Kegan Paul _c1973 |
||
| 300 |
_axvi,275p. _ccm. |
||
| 942 |
_hV53(Y)'N5, L3 _cTEXL _2CC |
||
| 999 |
_c778490 _d778490 |
||